000 00336nam a2200157Ia 4500
003 OSt
005 20240127122048.0
008 170524s9999 xx 000 0 und d
020 _a 9780078447853
040 _cIIMT UNIVERSITY
100 _aHolman J P
245 0 _aHeat Transfer
260 _bTMH
260 _c2011
942 _2ddc
_c02
999 _c5987
_d5987